[Event "CZE-chT 2223"]
[Site "Czech Republic"]
[Date "2022.12.03"]
[Round "3.1"]
[White "Simacek, Pavel"]
[Black "Rydl, Jiri"]
[Result "1/2-1/2"]
[WhiteElo "2465"]
[BlackElo "2418"]
[PlyCount "110"]
[EventDate "2022.10.15"]
[EventType "team-tourn"]
[EventRounds "11"]
[EventCountry "CZE"]
[SourceTitle "CBM 213 Extra"]
[Source "ChessBase"]
[SourceDate "2023.05.31"]
[SourceVersion "1"]
[SourceVersionDate "2023.05.31"]
[SourceQuality "1"]
[WhiteTeam "Turnov Zikuda"]
[BlackTeam "Unichess"]
[WhiteTeamCountry "CZE"]
[BlackTeamCountry "CZE"]

1. d4 d5 2. c4 c6 3. Nf3 Nf6 4. e3 Bg4 5. h3 Bxf3 6. Qxf3 e6 7. Nc3 Nbd7 8. Bd3 Bd6 9. cxd5 cxd5 10. Bd2 a6 11. g4 Nb8 12. g5 Nfd7 13. h4 Nc6 14. Rc1 Rc8 15. Qg2 Nb6 16. h5 Nb4 17. Be2 Nc4 18. a3 Nxd2 19. Kxd2 Nc6 20. g6 Rc7 21. gxh7 Qf6 22. Rcg1 Rxh7 23. Bd3 Rh6 24. Qxg7 Qxf2+ 25. Be2 Bf8 26. Rg2 Bxg7 27. Rxf2 Rh8 28. Rg1 Bh6 29. Kd3 Ke7 30. Rgf1 f5 31. Rg2 Na5 32. Rg6 Nc4 33. Nd1 Nd6 34. Bf3 Rc1 35. Rfg1 Rcc8 36. b3 b5 37. Nc3 Ne4 38. Nd1 Nf6 39. R1g2 a5 40. Nc3 b4 41. axb4 axb4 42. Nd1 Ne4 43. Ra2 Rc6 44. Ra7+ Kd6 45. Rb7 Ra8 46. Rxb4 Ra2 47. Rg2 Rca6 48. Nb2 Ra1 49. Na4 Rc6 50. Rb6 Rxb6 51. Nxb6 Rh1 52. Nc8+ Kd7 53. Nb6+ Kd6 54. Nc8+ Kd7 55. Nb6+ Kd6 1/2-1/2

[Event "CZE-chT 2223"]
[Site "Czech Republic"]
[Date "2022.10.16"]
[Round "2.1"]
[White "Blahynka, Martin"]
[Black "Rydl, Jiri"]
[Result "1-0"]
[WhiteElo "2369"]
[BlackElo "2418"]
[PlyCount "135"]
[EventDate "2022.10.15"]
[EventType "team-tourn"]
[EventRounds "11"]
[EventCountry "CZE"]
[SourceTitle "CBM 210 Extra"]
[Source "ChessBase"]
[SourceDate "2022.11.30"]
[SourceVersion "1"]
[SourceVersionDate "2022.11.30"]
[SourceQuality "1"]
[WhiteTeam "Hostalkova"]
[BlackTeam "Unichess"]
[WhiteTeamCountry "CZE"]
[BlackTeamCountry "CZE"]

1. c4 Nf6 2. Nc3 e5 3. Nf3 Nc6 4. g3 Bb4 5. Bg2 0-0 6. 0-0 d6 7. d3 h6 8. Na4 Ba5 9. a3 Bb6 10. b4 Qe7 11. e3 e4 12. dxe4 Nxe4 13. Bb2 Bf5 14. Nxb6 axb6 15. Nd4 Bg6 16. Rc1 Rfe8 17. f3 Nf6 18. e4 Nd7 19. Nb5 Nf8 20. Re1 f6 21. Nc3 Qd8 22. Nd5 Ne5 23. f4 Ned7 24. Qd3 c6 25. Ne3 Qe7 26. f5 Bh5 27. g4 Bf7 28. Red1 Ne5 29. Qxd6 Qxd6 30. Rxd6 Re7 31. Kf2 Rae8 32. h4 Rd7 33. Bxe5 Rxe5 34. Rcd1 Ree7 35. c5 bxc5 36. bxc5 Rc7 37. Kg3 Nd7 38. Rc1 Ne5 39. Kf4 g5+ 40. fxg6 Bxg6 41. Nf5 Bxf5 42. exf5 Rc8 43. Rcd1 Kg7 44. Re6 Rce8 45. Rdd6 Rxe6 46. fxe6 Ng6+ 47. Ke4 Nxh4 48. Bf1 Re7 49. a4 Ng6 50. a5 Ne5 51. Kf5 Rc7 52. Be2 Re7 53. a6 bxa6 54. Bxa6 Ra7 55. Be2 Ra2 56. Bd1 Rf2+ 57. Ke4 Kf8 58. Ba4 Ke7 59. Bxc6 Nxg4 60. Bd5 f5+ 61. Kd4 Nf6 62. Ke5 Re2+ 63. Kxf5 Nxd5 64. Rd7+ Ke8 65. Rxd5 Re1 66. Kf6 Re2 67. c6 Rc2 68. c7 1-0

[Event "CZE-chT1W 2122"]
[Site "Czech Republic"]
[Date "2022.03.27"]
[Round "11.4"]
[White "Rydl, Jiri"]
[Black "Kraus, Tomas"]
[Result "1/2-1/2"]
[WhiteElo "2424"]
[BlackElo "2458"]
[PlyCount "33"]
[EventDate "2021.10.10"]
[EventType "team-tourn"]
[EventRounds "11"]
[EventCountry "CZE"]
[SourceTitle "EXT 2023"]
[Source "ChessBase"]
[SourceDate "2022.10.05"]
[SourceVersion "1"]
[SourceVersionDate "2022.10.05"]
[SourceQuality "1"]
[WhiteTeam "Vlasim Spartak"]
[BlackTeam "Ricany Betsys"]
[WhiteTeamCountry "CZE"]
[BlackTeamCountry "CZE"]

1. c4 e6 2. Nf3 d5 3. g3 d4 4. Bg2 Nc6 5. 0-0 Nh6 6. d3 Nf5 7. e4 dxe3 8. fxe3 h5 9. Nc3 h4 10. Ne4 hxg3 11. hxg3 e5 12. c5 a5 13. Qe2 Nh6 14. d4 Bg4 15. Qb5 Bd7 16. Qe2 Bg4 17. Qb5 1/2-1/2

[Event "CZE-chT 2122"]
[Site "Czech Republic"]
[Date "2022.02.13"]
[Round "10.5"]
[White "Vrolijk, Liam"]
[Black "Rydl, Jiri"]
[Result "1-0"]
[WhiteElo "2478"]
[BlackElo "2424"]
[PlyCount "57"]
[EventDate "2021.10.15"]
[EventType "team-tourn"]
[EventRounds "15"]
[EventCountry "CZE"]
[SourceTitle "EXT 2023"]
[Source "ChessBase"]
[SourceDate "2022.10.05"]
[SourceVersion "1"]
[SourceVersionDate "2022.10.05"]
[SourceQuality "1"]
[WhiteTeam "Lysa nad Labem"]
[BlackTeam "Unichess"]
[WhiteTeamCountry "CSR"]
[BlackTeamCountry "CZE"]

1. d4 Nf6 2. c4 e6 3. Nf3 d5 4. Nc3 c6 5. e3 Nbd7 6. Qc2 Bd6 7. Bd3 0-0 8. 0-0 dxc4 9. Bxc4 Qe7 10. a3 a5 11. h3 b5 12. Bd3 Bb7 13. e4 e5 14. Be3 Rfe8 15. Ne2 c5 16. dxe5 Bxe5 17. Nxe5 Nxe5 18. Bxb5 Bxe4 19. Qxc5 Qxc5 20. Bxc5 Reb8 21. a4 Bd3 22. Bd6 Rxb5 23. axb5 Nc4 24. Bc7 Bxe2 25. Rfe1 Nd5 26. b6 Nxc7 27. bxc7 Bd3 28. Rad1 Nxb2 29. Rd2 1-0

[Event "CZE-chT 2122"]
[Site "Czech Republic"]
[Date "2022.02.12"]
[Round "9.6"]
[White "Rydl, Jiri"]
[Black "Kraus, Tomas"]
[Result "0-1"]
[WhiteElo "2424"]
[BlackElo "2458"]
[PlyCount "130"]
[EventDate "2021.10.15"]
[EventType "team-tourn"]
[EventRounds "15"]
[EventCountry "CZE"]
[SourceTitle "EXT 2023"]
[Source "ChessBase"]
[SourceDate "2022.10.05"]
[SourceVersion "1"]
[SourceVersionDate "2022.10.05"]
[SourceQuality "1"]
[WhiteTeam "Unichess"]
[BlackTeam "Turnov Zikuda"]
[WhiteTeamCountry "CZE"]
[BlackTeamCountry "CZE"]

1. c4 c6 2. Nf3 Nf6 3. g3 d5 4. Bg2 dxc4 5. 0-0 Nbd7 6. Na3 Nb6 7. Qc2 Be6 8. Ng5 Bg4 9. f3 Bh5 10. Nxc4 Qd4+ 11. Ne3 e6 12. Nh3 Nfd5 13. Nf2 Bg6 14. Qb3 Nxe3 15. dxe3 Qc4 16. Qxc4 Nxc4 17. Nd3 0-0-0 18. e4 Be7 19. Re1 Bf6 20. Bf1 Rd7 21. Rb1 Rhd8 22. Kf2 Ne5 23. Be3 b6 24. Rec1 Kb7 25. b4 Nxd3+ 26. exd3 Bd4 27. Be2 f6 28. a3 e5 29. Bxd4 Rxd4 30. Rc3 Bf7 31. Ke3 Ra8 32. Rbc1 Rd6 33. Bd1 a5 34. b5 c5 35. Bb3 Bxb3 36. Rxb3 Kc7 37. Rf1 Kd7 38. Rc3 Ke6 39. Rf2 Rad8 40. Rf1 Rd4 41. Rf2 R8d7 42. Rf1 g6 43. f4 exf4+ 44. Rxf4 Ke5 45. Rf3 c4 46. dxc4 Rxe4+ 47. Kf2 Rd2+ 48. Kf1 Kd4 49. Rc1 f5 50. c5 bxc5 51. Rfc3 Rd1+ 52. Rxd1+ Kxc3 53. b6 Re7 54. Rc1+ Kd4 55. Rb1 Rb7 56. Ke2 Kd5 57. Kd3 Kc6 58. Kc4 Rxb6 59. Re1 Rb2 60. Re6+ Kd7 61. Ra6 Rxh2 62. Rxa5 Rg2 63. Ra7+ Ke6 64. Rxh7 Rxg3 65. a4 Rg4+ 0-1

[Event "CZE-chT 2122"]
[Site "Czech Republic"]
[Date "2022.01.29"]
[Round "7.2"]
[White "Hollan, Martin"]
[Black "Rydl, Jiri"]
[Result "1-0"]
[WhiteElo "2356"]
[BlackElo "2424"]
[PlyCount "83"]
[EventDate "2021.10.15"]
[EventType "team-tourn"]
[EventRounds "15"]
[EventCountry "CZE"]
[SourceTitle "EXT 2023"]
[Source "ChessBase"]
[SourceDate "2022.10.05"]
[SourceVersion "1"]
[SourceVersionDate "2022.10.05"]
[SourceQuality "1"]
[WhiteTeam "Kromeriz Slavia"]
[BlackTeam "Unichess"]
[WhiteTeamCountry "CZE"]
[BlackTeamCountry "CZE"]

1. e4 e6 2. d4 d5 3. Bd3 dxe4 4. Bxe4 Nf6 5. Bf3 Nbd7 6. Ne2 Bd6 7. Ng3 c5 8. c3 0-0 9. 0-0 cxd4 10. cxd4 Nb6 11. Nc3 Nbd5 12. Bg5 Be7 13. Qb3 Qa5 14. Nxd5 Nxd5 15. Bxe7 Nxe7 16. Rac1 Rb8 17. Ne4 b6 18. Nd6 Ba6 19. Rfe1 Rbd8 20. Rxe6 Qg5 21. Qe3 Qxe3 22. Rxe3 Ng6 23. Nf5 Bc8 24. Ne7+ Nxe7 25. Rxe7 Rxd4 26. Rxa7 Be6 27. Rd1 Rxd1+ 28. Bxd1 Rc8 29. Kf1 Kf8 30. Ke1 Bd5 31. f3 Rc6 32. b4 Rh6 33. h3 Rg6 34. Kf2 Rd6 35. a4 Bc4 36. Rc7 Be6 37. Be2 Rd4 38. a5 Rxb4 39. a6 Ra4 40. a7 Ra2 41. Kg3 Bd5 42. Bb5 1-0

[Event "CZE-chT 2122"]
[Site "Czech Republic"]
[Date "2021.11.07"]
[Round "4.4"]
[White "Rydl, Jiri"]
[Black "Kanovsky, David"]
[Result "1-0"]
[WhiteElo "2424"]
[BlackElo "2426"]
[PlyCount "69"]
[EventDate "2021.10.15"]
[EventType "team-tourn"]
[EventRounds "15"]
[EventCountry "CZE"]
[SourceTitle "EXT 2023"]
[Source "ChessBase"]
[SourceDate "2022.10.05"]
[SourceVersion "1"]
[SourceVersionDate "2022.10.05"]
[SourceQuality "1"]
[WhiteTeam "Unichess"]
[BlackTeam "Poruba Slavoj"]
[WhiteTeamCountry "CZE"]
[BlackTeamCountry "CZE"]

1. c4 e6 2. Nf3 d5 3. g3 Nf6 4. Bg2 dxc4 5. Na3 Qd5 6. 0-0 Nc6 7. Qa4 Bxa3 8. Qxa3 e5 9. b3 cxb3 10. d3 bxa2 11. Bb2 Qd6 12. Qxa2 Be6 13. Qa4 Bd7 14. Ba3 Qe6 15. Qb5 e4 16. dxe4 Nxe4 17. Qxb7 Rb8 18. Qxc7 Rc8 19. Qf4 h6 20. Rfc1 f5 21. Rc2 g5 22. Qe3 Kf7 23. Bb2 Rhe8 24. Nd4 f4 25. gxf4 Qd5 26. Nxc6 Rxc6 27. Rxc6 Bxc6 28. Rxa7+ Re7 29. Rxe7+ Kxe7 30. f3 Qd1+ 31. Bf1 gxf4 32. Qa7+ Ke6 33. fxe4 f3 34. Qa2+ Ke7 35. Qa3+ 1-0

[Event "CZE-chT1W 1920"]
[Site "Czech Republic"]
[Date "2020.02.02"]
[Round "7.3"]
[White "Cernousek, Lukas"]
[Black "Rydl, Jiri"]
[Result "1-0"]
[WhiteElo "2458"]
[BlackElo "2422"]
[PlyCount "73"]
[EventDate "2019.10.20"]
[EventType "team-tourn"]
[EventRounds "11"]
[EventCountry "CZE"]
[SourceTitle "CBM 194 Extra"]
[Source "ChessBase"]
[SourceDate "2020.03.31"]
[SourceVersion "1"]
[SourceVersionDate "2020.03.31"]
[SourceQuality "1"]
[WhiteTeam "Unichess"]
[BlackTeam "Vlasim Spartak"]
[WhiteTeamCountry "CZE"]
[BlackTeamCountry "CZE"]

1. e4 e6 2. d4 d5 3. Nc3 dxe4 4. Nxe4 Nd7 5. Nf3 Ngf6 6. Bd3 c5 7. 0-0 cxd4 8. Nxd4 Nxe4 9. Bxe4 Nf6 10. Bf3 Be7 11. Bf4 Qb6 12. a4 a6 13. a5 Qc5 14. Nb3 Qb4 15. Qd4 Qxd4 16. Nxd4 0-0 17. c4 h6 18. g3 g5 19. Be5 Nd7 20. Bc7 Bf6 21. Rad1 Be5 22. Bxe5 Nxe5 23. Be2 g4 24. h3 gxh3 25. b4 Rb8 26. Kh2 Nc6 27. Nc2 e5 28. g4 Be6 29. Kxh3 h5 30. Kh4 hxg4 31. Bxg4 f5 32. Bh5 Rbd8 33. Rg1+ Kh7 34. Kg5 Rg8+ 35. Kf6 Rxd1 36. Rxd1 Bxc4 37. Rh1 1-0

[Event "CZE-chT 1920"]
[Site "Czech Republic"]
[Date "2020.01.25"]
[Round "5.3"]
[White "Rydl, Jiri"]
[Black "Kanovsky, David"]
[Result "1-0"]
[WhiteElo "2422"]
[BlackElo "2424"]
[PlyCount "95"]
[EventDate "2019.10.12"]
[EventType "team-tourn"]
[EventRounds "11"]
[EventCountry "CZE"]
[SourceTitle "CBM 194 Extra"]
[Source "ChessBase"]
[SourceDate "2020.03.31"]
[SourceVersion "1"]
[SourceVersionDate "2020.03.31"]
[SourceQuality "1"]
[WhiteTeam "Unichess"]
[BlackTeam "Poruba Slavoj"]
[WhiteTeamCountry "CZE"]
[BlackTeamCountry "CZE"]

1. e4 c5 2. Nc3 e6 3. f4 a6 4. Nf3 d5 5. d3 Nc6 6. g3 b5 7. Bg2 Bb7 8. 0-0 Be7 9. exd5 exd5 10. Ne5 Nf6 11. Qf3 Nd4 12. Qf2 Qc7 13. Nd1 0-0 14. Ne3 Rfe8 15. Bd2 Rad8 16. g4 Bf8 17. g5 Nh5 18. c3 Ne6 19. N3g4 Bd6 20. Rae1 d4 21. f5 Nf8 22. cxd4 Bxg2 23. Qxg2 Bxe5 24. dxe5 Rxd3 25. e6 fxe6 26. f6 Red8 27. fxg7 Ng6 28. Bc3 Rxc3 29. bxc3 Nhf4 30. Qe4 Nh3+ 31. Kh1 Nxg5 32. Qe3 Qb7+ 33. Kg1 Rd5 34. Nf6+ Kxg7 35. Nxd5 Qxd5 36. Rd1 Qe5 37. Rd7+ Kh6 38. Qxe5 Nxe5 39. Ra7 Ne4 40. Rxa6 Nxc3 41. Rxe6+ Ng6 42. Rf5 Nxa2 43. h4 c4 44. Rxb5 c3 45. Rc5 Kg7 46. h5 Nf4 47. Rc7+ Kf8 48. Rf6+ 1-0

[Event "Prague Golden rap op 15th"]
[Site "Prague"]
[Date "2019.06.30"]
[Round "6"]
[White "Rydl, Jiri"]
[Black "Benes, Petr1111"]
[Result "1-0"]
[WhiteElo "2422"]
[BlackElo "2084"]
[PlyCount "85"]
[EventDate "2019.06.30"]
[EventType "swiss (rapid)"]
[EventRounds "7"]
[EventCountry "CZE"]
[SourceTitle "CBM 191 Extra"]
[Source "ChessBase"]
[SourceDate "2019.09.30"]
[SourceVersion "1"]
[SourceVersionDate "2019.09.30"]
[SourceQuality "1"]

1. c4 Nf6 2. g3 e5 3. Bg2 c5 4. Nc3 Nc6 5. d3 d6 6. Bg5 h6 7. Bxf6 Qxf6 8. e3 g5 9. h3 Bg7 10. Nge2 0-0 11. g4 h5 12. Ng3 h4 13. Nge4 Qd8 14. Qd2 a6 15. a3 Rb8 16. Rb1 Be6 17. b4 cxb4 18. axb4 Re8 19. b5 axb5 20. Rxb5 Na7 21. Rb2 Bf8 22. 0-0 Be7 23. Rfb1 Qd7 24. Rxb7 Rxb7 25. Rxb7 Qxb7 26. Nf6+ Bxf6 27. Bxb7 Rb8 28. Bd5 Nc8 29. Qa2 Bd8 30. c5 Bxd5 31. Qxd5 Bc7 32. Ne4 Ne7 33. Qa2 dxc5 34. Nxg5 Rf8 35. Qa7 Bd8 36. Qxc5 Ng6 37. Ne4 Be7 38. Qc6 Kg7 39. d4 exd4 40. exd4 Rb8 41. d5 Nf4 42. d6 Nxh3+ 43. Kh2 1-0

[Event "Prague Golden rap op 15th"]
[Site "Prague"]
[Date "2019.06.30"]
[Round "4"]
[White "Soural, Jan"]
[Black "Rydl, Jiri"]
[Result "0-1"]
[WhiteElo "2196"]
[BlackElo "2422"]
[PlyCount "128"]
[EventDate "2019.06.30"]
[EventType "swiss (rapid)"]
[EventRounds "7"]
[EventCountry "CZE"]
[SourceTitle "CBM 191 Extra"]
[Source "ChessBase"]
[SourceDate "2019.09.30"]
[SourceVersion "1"]
[SourceVersionDate "2019.09.30"]
[SourceQuality "1"]

1. d4 Nf6 2. c4 e6 3. g3 d5 4. Nf3 Be7 5. Bg2 0-0 6. 0-0 c6 7. Nc3 b6 8. Ne5 Ba6 9. b3 Qc8 10. Bb2 Nbd7 11. cxd5 Nxe5 12. dxe5 Nxd5 13. Nxd5 cxd5 14. Qd2 Rd8 15. Rac1 Qd7 16. Rc2 Rac8 17. Rfc1 Rxc2 18. Rxc2 h6 19. Qc1 Bc5 20. e3 Bd3 21. Rd2 Bg6 22. e4 d4 23. b4 Bxb4 24. Rxd4 Qe7 25. Qd1 Rxd4 26. Qxd4 Bc5 27. Qd3 Qc7 28. h4 Bh5 29. Bh3 g5 30. g4 Bg6 31. h5 Bh7 32. Bg2 Kf8 33. Bf3 Ke7 34. Kg2 Qd7 35. Be2 Qa4 36. f3 Qxa2 37. Bc3 Qb3 38. Bd1 Qa3 39. Qd2 a5 40. Bc2 Bb4 41. Bxb4+ Qxb4 42. Qd3 Qc5 43. Ba4 Qxe5 44. Qd7+ Kf6 45. Qd8+ Kg7 46. Qxb6 Bxe4 47. fxe4 Qxe4+ 48. Kh3 Qxa4 49. Qb2+ Kf8 50. Qb8+ Qe8 51. Qa7 Qd8 52. Qe3 Kg8 53. Qc3 a4 54. Qb4 Qd3+ 55. Kg2 Qc2+ 56. Kg1 Qb3 57. Qd4 a3 58. Qd8+ Kh7 59. Qe7 Qb1+ 60. Kg2 Qe4+ 61. Kg1 Qe3+ 62. Kg2 Qe2+ 63. Kg3 Qe3+ 64. Kg2 Kg7 0-1

[Event "CZE-chT 1819"]
[Site "Czech Republic"]
[Date "2019.04.21"]
[Round "11.4"]
[White "Rydl, Jiri"]
[Black "Neuman, Petr"]
[Result "1/2-1/2"]
[WhiteElo "2420"]
[BlackElo "2427"]
[PlyCount "30"]
[EventDate "2018.11.03"]
[EventType "team-tourn"]
[EventRounds "11"]
[EventCountry "CZE"]
[SourceTitle "CBM 190 Extra"]
[Source "ChessBase"]
[SourceDate "2019.07.15"]
[SourceVersion "1"]
[SourceVersionDate "2019.07.15"]
[SourceQuality "1"]
[WhiteTeam "Unichess"]
[BlackTeam "Pardubice"]
[WhiteTeamCountry "CZE"]
[BlackTeamCountry "CZE"]

1. c4 c6 2. Nf3 d5 3. g3 g6 4. Bg2 Bg7 5. d4 Nf6 6. 0-0 0-0 7. b3 dxc4 8. bxc4 c5 9. Bb2 Qb6 10. Qb3 Ne4 11. e3 Nc6 12. Ne5 Nd6 13. Nd2 Be6 14. Qa3 Nxe5 15. dxe5 Nxc4 1/2-1/2

[Event "CZE-chT 1819"]
[Site "Czech Republic"]
[Date "2019.04.19"]
[Round "9.2"]
[White "Krejci, Jan1111"]
[Black "Rydl, Jiri"]
[Result "1/2-1/2"]
[WhiteElo "2563"]
[BlackElo "2420"]
[PlyCount "86"]
[EventDate "2018.11.03"]
[EventType "team-tourn"]
[EventRounds "11"]
[EventCountry "CZE"]
[SourceTitle "CBM 190 Extra"]
[Source "ChessBase"]
[SourceDate "2019.07.15"]
[SourceVersion "1"]
[SourceVersionDate "2019.07.15"]
[SourceQuality "1"]
[WhiteTeam "Novoborsky"]
[BlackTeam "Unichess"]
[WhiteTeamCountry "CZE"]
[BlackTeamCountry "CZE"]

1. d4 d5 2. c4 c6 3. Nc3 Nf6 4. e3 e6 5. Nf3 Nbd7 6. Qc2 Bd6 7. Bd3 0-0 8. 0-0 h6 9. h3 b6 10. b3 Bb7 11. Bb2 Re8 12. Rad1 Qc7 13. Rfe1 Rad8 14. a3 Qb8 15. e4 dxc4 16. Bxc4 b5 17. Bf1 e5 18. dxe5 Nxe5 19. Nh4 Bf8 20. Nf5 g6 21. Ng3 h5 22. Rxd8 Qxd8 23. Be2 Qb6 24. Qd2 Kh7 25. Rd1 a6 26. Qf4 Re6 27. Bc1 Ng8 28. Qd2 Rf6 29. Nh1 Rd6 30. Qc2 Rxd1+ 31. Bxd1 a5 32. Be3 c5 33. Be2 b4 34. axb4 axb4 35. Na4 Qc6 36. f3 c4 37. bxc4 Ba6 38. Nb2 Bc5 39. Bxc5 Qxc5+ 40. Nf2 Ne7 41. Qa4 Qe3 42. Bf1 Qa3 43. Nfd1 Bxc4 1/2-1/2

[Event "CZE-chT2A 1819"]
[Site "Czech Republic"]
[Date "2018.10.14"]
[Round "1.1"]
[White "Biolek, Richard Jr"]
[Black "Rydl, Jiri"]
[Result "1/2-1/2"]
[WhiteElo "2455"]
[BlackElo "2420"]
[PlyCount "61"]
[EventDate "2018.10.14"]
[EventType "team-tourn"]
[EventRounds "11"]
[EventCountry "CZE"]
[SourceTitle "EXT 2022"]
[Source "ChessBase"]
[SourceDate "2021.10.06"]
[SourceVersion "1"]
[SourceVersionDate "2021.10.06"]
[SourceQuality "1"]
[WhiteTeam "Ricany"]
[BlackTeam "Vlasim"]
[WhiteTeamCountry "CZE"]
[BlackTeamCountry "CZE"]

1. e4 e6 2. d4 d5 3. Nc3 dxe4 4. Nxe4 Nd7 5. Nf3 Ngf6 6. Bd3 c5 7. 0-0 cxd4 8. Nxd4 Nxe4 9. Bxe4 Nf6 10. Bg5 Be7 11. Bf3 0-0 12. Re1 Qc7 13. Qd3 Nd5 14. Bxe7 Nxe7 15. Rad1 Ng6 16. Nb5 Qc5 17. Qe2 Rb8 18. c3 a6 19. Nd6 Qc7 20. Qc4 Qxc4 21. Nxc4 b5 22. Nd6 a5 23. Nxc8 Rfxc8 24. a3 Kf8 25. Rd7 Rd8 26. Rxd8+ Rxd8 27. Be2 Rd2 28. b4 axb4 29. cxb4 Ra2 30. Bxb5 Rxa3 31. Rb1 1/2-1/2

[Event "CZE-chT2C 1718"]
[Site "Czech Republic"]
[Date "2018.02.25"]
[Round "9.1"]
[White "Dolezal, Radoslav"]
[Black "Rydl, Jiri"]
[Result "0-1"]
[WhiteElo "2380"]
[BlackElo "2398"]
[PlyCount "68"]
[EventDate "2017.10.15"]
[EventType "team-tourn"]
[EventRounds "11"]
[EventCountry "CZE"]
[SourceTitle "EXT 2022"]
[Source "ChessBase"]
[SourceDate "2021.10.06"]
[SourceVersion "1"]
[SourceVersionDate "2021.10.06"]
[SourceQuality "1"]
[WhiteTeam "Pankrac II"]
[BlackTeam "Vlasim"]
[WhiteTeamCountry "CZE"]
[BlackTeamCountry "CZE"]

1. e4 e6 2. d4 d5 3. exd5 exd5 4. Bd3 Nc6 5. c3 Bd6 6. Nf3 Nge7 7. 0-0 Bg4 8. a4 Qd7 9. Re1 0-0 10. h3 Bf5 11. Na3 a6 12. Nc2 Rae8 13. Bxf5 Nxf5 14. Ne3 Nxe3 15. Bxe3 h6 16. b4 Re6 17. Qd3 Rfe8 18. Nd2 Ne7 19. Nf1 Ng6 20. b5 axb5 21. Qxb5 c6 22. Qe2 Qd8 23. Reb1 Nh4 24. Qh5 Rg6 25. g3 Qe7 26. Rb2 Qe4 27. f4 Rxg3+ 28. Nxg3 Qxe3+ 29. Kh2 Qxf4 30. Qg4 Re3 31. Qxf4 Bxf4 32. Rxb7 Rxg3 33. Rf1 Rf3+ 34. Kg1 Be3+ 0-1

[Event "CZE-chT 1718"]
[Site "Czech Republic"]
[Date "2018.02.11"]
[Round "8.4"]
[White "Rydl, Jiri"]
[Black "Pulpan, Jakub"]
[Result "1/2-1/2"]
[WhiteElo "2398"]
[BlackElo "2401"]
[PlyCount "81"]
[EventDate "2017.11.18"]
[EventType "team-tourn"]
[EventRounds "11"]
[EventCountry "CZE"]
[SourceTitle "EXT 2019"]
[Source "ChessBase"]
[SourceDate "2018.10.10"]
[SourceVersion "1"]
[SourceVersionDate "2018.10.10"]
[SourceQuality "1"]
[WhiteTeam "Unichess"]
[BlackTeam "Pardubice"]
[WhiteTeamCountry "CZE"]
[BlackTeamCountry "CZE"]

1. c4 e6 2. g3 d5 3. Bg2 Nf6 4. Nf3 Be7 5. 0-0 0-0 6. d4 dxc4 7. Qc2 a6 8. a4 Bd7 9. Qxc4 Bc6 10. Bf4 a5 11. Nc3 Na6 12. Rac1 Nb4 13. Ne5 Bxg2 14. Kxg2 Nfd5 15. Nxd5 Nxd5 16. Bd2 c6 17. e3 Bb4 18. Rfd1 Bxd2 19. Rxd2 Nb4 20. Nd3 Nxd3 21. Rxd3 Re8 22. Rb1 Re7 23. b4 axb4 24. Rxb4 g6 25. Rc3 h5 26. h3 Ra5 27. Qb3 Qa8 28. Kh2 Rd7 29. Rc1 Qa6 30. Kg1 Qa7 31. Rb1 Qa6 32. Rxb7 Rxb7 33. Qxb7 Qxb7 34. Rxb7 Rxa4 35. Rc7 Rc4 36. Kg2 Kg7 37. Kf3 Rc2 38. g4 hxg4+ 39. hxg4 g5 40. Ra7 c5 41. dxc5 1/2-1/2

[Event "CZE-chT 1718"]
[Site "Czech Republic"]
[Date "2017.11.19"]
[Round "2.6"]
[White "Zwardon, Vojtech"]
[Black "Rydl, Jiri"]
[Result "0-1"]
[WhiteElo "2410"]
[BlackElo "2398"]
[PlyCount "92"]
[EventDate "2017.11.18"]
[EventType "team-tourn"]
[EventRounds "11"]
[EventCountry "CZE"]
[SourceTitle "CBM 181 Extra"]
[Source "ChessBase"]
[SourceDate "2017.12.12"]
[SourceVersion "1"]
[SourceVersionDate "2017.12.12"]
[SourceQuality "1"]
[WhiteTeam "Frydek Mistek"]
[BlackTeam "Unichess"]
[WhiteTeamCountry "CZE"]
[BlackTeamCountry "CZE"]

1. c4 Nf6 2. Nc3 e5 3. a3 c6 4. Nf3 e4 5. Nd4 Bc5 6. Nb3 Bb6 7. c5 Bc7 8. Qc2 Qe7 9. g4 e3 10. dxe3 Nxg4 11. Qe4 d5 12. Qxe7+ Kxe7 13. e4 dxe4 14. h3 Nf6 15. Bg5 Be5 16. Nd2 h6 17. Bxf6+ gxf6 18. Ndxe4 Na6 19. e3 f5 20. Bxa6 fxe4 21. Bc4 Bf5 22. Bb3 Bh7 23. Rg1 Rhg8 24. 0-0-0 Rg5 25. h4 Rh5 26. Rh1 Bf6 27. Na4 Rxh4 28. Rhg1 Rh5 29. Rd2 Bf5 30. Nc3 Rh8 31. Ne2 Bc8 32. Rc2 Rg5 33. Rxg5 Bxg5 34. Rc4 f5 35. Rd4 h5 36. Rd1 h4 37. Rg1 Kf6 38. Kd1 Bd7 39. Ke1 h3 40. Rh1 Ke5 41. Bc2 Be6 42. Rh2 f4 43. Nc3 fxe3 44. Nxe4 Bf4 45. Rh1 h2 46. Ke2 Bg4+ 0-1

[Event "CZE-chT 1718"]
[Site "Czech Republic"]
[Date "2017.11.18"]
[Round "1.5"]
[White "Rydl, Jiri"]
[Black "Krejci, Jan1111"]
[Result "1-0"]
[WhiteElo "2398"]
[BlackElo "2134"]
[PlyCount "119"]
[EventDate "2017.11.18"]
[EventType "team-tourn"]
[EventRounds "11"]
[EventCountry "CZE"]
[SourceTitle "CBM 181 Extra"]
[Source "ChessBase"]
[SourceDate "2017.12.12"]
[SourceVersion "1"]
[SourceVersionDate "2017.12.12"]
[SourceQuality "1"]
[WhiteTeam "Unichess"]
[BlackTeam "Tatran Litovel"]
[WhiteTeamCountry "CZE"]
[BlackTeamCountry "CZE"]

1. e4 e5 2. Nf3 Nf6 3. Nxe5 d6 4. Nf3 Nxe4 5. Nc3 Nxc3 6. dxc3 Be6 7. Bf4 Be7 8. Qd2 Nc6 9. Bb5 a6 10. Be2 h6 11. 0-0-0 Qd7 12. Kb1 Bf6 13. Be3 0-0-0 14. Nd4 Nxd4 15. Bxd4 Qe7 16. Bf3 Kb8 17. Rhe1 Rhe8 18. b3 g5 19. g3 Bxd4 20. Qxd4 Qf8 21. Bh5 Bd7 22. f4 Re6 23. Rf1 f5 24. Rde1 Qe7 25. Rxe6 Qxe6 26. Qd2 Qf6 27. Qe3 Bc6 28. Kb2 g4 29. Re1 Be4 30. Bxg4 d5 31. Bh5 d4 32. cxd4 Rxd4 33. Kb1 Qd6 34. Qc1 Rd2 35. Rd1 Rxc2 36. Rxd6 Rxc1+ 37. Kxc1 cxd6 38. Kd2 Kc7 39. Kc3 Kd7 40. Kd4 Ke6 41. b4 Bc6 42. Bd1 b6 43. Bb3+ Kf6 44. a3 a5 45. Bd5 Bb5 46. bxa5 bxa5 47. Bb7 Bf1 48. Bc8 Bg2 49. Bd7 Bh3 50. Kc4 Ke7 51. Bc6 Bf1+ 52. Kb3 Kd8 53. Ka4 Kc7 54. Bb5 Bg2 55. Kxa5 d5 56. Kb4 Kd6 57. a4 Be4 58. a5 d4 59. Kc4 d3 60. Kc3 1-0

[Event "Prague Pankrac Cup"]
[Site "Prague"]
[Date "2017.10.24"]
[Round "6"]
[White "Vavra, Pavel"]
[Black "Rydl, Jiri"]
[Result "0-1"]
[WhiteElo "2365"]
[BlackElo "2398"]
[PlyCount "68"]
[EventDate "2017.09.19"]
[EventType "swiss"]
[EventRounds "7"]
[EventCountry "CZE"]
[SourceTitle "EXT 2019"]
[Source "ChessBase"]
[SourceDate "2018.10.10"]
[SourceVersion "1"]
[SourceVersionDate "2018.10.10"]
[SourceQuality "1"]

1. e4 e6 2. d4 d5 3. Nd2 dxe4 4. Nxe4 Nd7 5. g3 b6 6. Bg2 Rb8 7. Ne2 Bb7 8. 0-0 Ngf6 9. Nxf6+ Nxf6 10. c4 Bxg2 11. Kxg2 Qd7 12. Nc3 Be7 13. Qa4 Qxa4 14. Nxa4 c6 15. b3 0-0 16. Bf4 Rb7 17. Kf3 Rd8 18. Be3 Ne8 19. Rad1 Rbd7 20. Rd2 b5 21. cxb5 cxb5 22. Nc3 Bb4 23. Rd3 e5 24. Ne2 f5 25. Rdd1 h6 26. Bd2 Bxd2 27. Rxd2 Nf6 28. Rfd1 b4 29. h3 g5 30. Rc2 Kg7 31. Rc5 exd4 32. Rd3 Ne4 33. Rc4 Nc3 34. Rxb4 g4+ 0-1